Ritual conjunto. Celebración del Bautismo. Celebración del Matrimonio. Eucaristía fuera de la Misa

Uloženo v:
Podrobná bibliografie
Korporativní autor: Comisión Episcopal de Liturgia (autor)
Médium: Kniha
Jazyk:španělština
Vydáno: Santiago, Chile: Comisión Episcopal de Liturgia, 2011
Vydání:11ª ed.
Témata:
Tagy: Přidat tag
Žádné tagy, Buďte první, kdo vytvoří štítek k tomuto záznamu!

MARC

LEADER 00000cam a2200000 a 4500
001 UCC8253
003 CL-VaPUC
005 20211216074419.0
008 190617e20110000cl |||||||||||||||||spa|d
999 |c 374613  |d 374611 
020 |a 9562561798 
040 |c Pontificia Universidad Católica de Valparaíso 
082 0 4 |a 234.16 COM 2011  |2 21 
110 2 |a Comisión Episcopal de Liturgia  |e autor  |9 602905 
245 1 0 |a Ritual conjunto.   |b Celebración del Bautismo. Celebración del Matrimonio. Eucaristía fuera de la Misa 
250 |a 11ª ed. 
260 |a Santiago, Chile:  |b Comisión Episcopal de Liturgia,  |c 2011 
300 |a 283 páginas  
505 |a I. Introducciones II.Celebraciones III.Leccionario 
583 |a last modification  |c 20190617 11:18:00  |k Rodrigo Vera 
650 0 |a Liturgia  |2 CL-VaPUC  |9 320970 
650 0 |a Rituales  |2 CL-VaPUC  |9 349198 
650 0 |a Sacramentos   |9 257270 
650 0 |a Bautismo  |9 314393 
650 0 |a Matrimonio  |2 CL-VaPUC  |9 254924 
650 0 |a Eucaristía  |9 257336 
852 |a BIBTEO 
942 |c BK  |2 ddc 
945 |d 20190617 11:18:00  |a dcastane 
952 |0 0  |1 0  |3 erb  |4 0  |6 234_160000000000000_COM_2011  |7 0  |8 A  |9 493230  |a BIBTEO  |b BIBTEO  |d 2019-06-07  |e 8  |g 10800.00  |i 5551730  |o 234.16 COM 2011  |p 5551730  |r 2025-01-17  |v 10800.00  |w 2019-11-24  |y BK  |z Catalogado en:20190617  |k ICR